[Event "Moscow Kolomenskaya op"]
[Site "Moscow"]
[Date "2014.10.09"]
[Round "7"]
[White "Gagarin, Vasilij"]
[Black "Vorobjov, Denis S"]
[Result "0-1"]
[WhiteElo "2292"]
[BlackElo "2164"]
[PlyCount "108"]
[EventDate "2014.10.05"]
[EventType "swiss"]
[EventRounds "9"]
[EventCountry "RUS"]
[SourceTitle "CBM 162 Extra"]
[Source "ChessBase"]
[SourceDate "2014.10.17"]
[SourceVersion "1"]
[SourceVersionDate "2014.10.17"]
[SourceQuality "1"]

1. Nf3 d5 2. d4 Nf6 3. c4 dxc4 4. e3 e6 5. Bxc4 c5 6. 0-0 a6 7. a4 Be7 8. Qe2 cxd4 9. exd4 Nc6 10. Rd1 Nb4 11. Nc3 0-0 12. Ne5 Nfd5 13. Ne4 b6 14. Ra3 f6 15. Nf3 Qe8 16. Re1 Qf7 17. Ra1 Re8 18. a5 b5 19. Bb3 Bd7 20. Bd2 Rac8 21. Rac1 Rxc1 22. Rxc1 Rc8 23. Rxc8+ Bxc8 24. Nc5 Bxc5 25. dxc5 Nc6 26. Qe4 Bd7 27. Nd4 Qg6 28. Bxd5 Nxd4 29. Qxg6 hxg6 30. Bb7 Bc6 31. Bxa6 Kf7 32. Bc3 Nf5 33. g4 Ne7 34. g5 e5 35. gxf6 gxf6 36. Kf1 Ke6 37. Ke2 Kd7 38. f4 exf4 39. Bxf6 Nd5 40. Be5 Nb4 41. Bxb5 Bxb5+ 42. Kf3 Bc6+ 43. Kg4 f3 44. Kg3 f2 45. Kxf2 Nd3+ 46. Ke3 Nxe5 47. Kf4 Ke6 48. Kg5 Kf7 49. h4 Nf3+ 50. Kg4 Kf6 51. b4 Ne5+ 52. Kf4 Nd3+ 53. Kg4 Bd7+ 54. Kg3 Nxb4 0-1

[Event "Moscow Kolomenskaya op"]
[Site "Moscow"]
[Date "2014.10.07"]
[Round "4"]
[White "Vorobjov, Denis S"]
[Black "Spiridonov, Evgeny"]
[Result "1-0"]
[WhiteElo "2164"]
[BlackElo "1891"]
[PlyCount "109"]
[EventDate "2014.10.05"]
[EventType "swiss"]
[EventRounds "9"]
[EventCountry "RUS"]
[SourceTitle "CBM 162 Extra"]
[Source "ChessBase"]
[SourceDate "2014.10.17"]
[SourceVersion "1"]
[SourceVersionDate "2014.10.17"]
[SourceQuality "1"]

1. e4 c6 2. d4 d5 3. e5 Bf5 4. Nf3 e6 5. Be2 c5 6. Be3 Qb6 7. Nc3 c4 8. Rb1 Nc6 9. 0-0 a6 10. Bxc4 dxc4 11. d5 Qc7 12. dxc6 Qxc6 13. Nd4 Qc7 14. Nxf5 exf5 15. Nd5 Qc6 16. Bb6 Rc8 17. Qd4 Bc5 18. Bxc5 Qxc5 19. Rbd1 Qxd4 20. Rxd4 Ne7 21. Nb6 Rd8 22. Rxd8+ Kxd8 23. Nxc4 Kc7 24. Rd1 Nc6 25. f4 g6 26. Ne3 Ne7 27. c4 Rd8 28. Kf2 Rxd1 29. Nxd1 Kc6 30. Ke3 Kc5 31. Kd3 b5 32. cxb5 axb5 33. Ne3 Nc6 34. a3 b4 35. Nc4 bxa3 36. bxa3 Nd8 37. g3 Ne6 38. h4 Kd5 39. Ne3+ Kc5 40. a4 Ng7 41. a5 Ne8 42. Nc4 Nc7 43. Nd6 f6 44. Nb7+ Kd5 45. exf6 Ke6 46. Nc5+ Kxf6 47. Kc4 Ke7 48. Nb7 Kd7 49. Kc5 Kc8 50. Kc6 Kb8 51. Nc5 Ne8 52. Nd7+ Ka7 53. Kd5 Ng7 54. Nf6 h6 55. Kd6 1-0

[Event "Voronezh op-A 18th"]
[Site "Voronezh"]
[Date "2014.06.12"]
[Round "1"]
[White "Predke, Alexandr"]
[Black "Vorobjov, Denis S"]
[Result "1-0"]
[WhiteElo "2491"]
[BlackElo "2171"]
[PlyCount "61"]
[EventDate "2014.06.12"]
[EventType "swiss"]
[EventRounds "9"]
[EventCountry "RUS"]
[SourceTitle "CBM 160 Extra"]
[Source "ChessBase"]
[SourceDate "2014.07.01"]
[SourceVersion "1"]
[SourceVersionDate "2014.07.01"]
[SourceQuality "1"]

1. e4 Nc6 2. Nf3 e5 3. Bb5 a6 4. Ba4 Nf6 5. 0-0 Be7 6. Re1 b5 7. Bb3 0-0 8. a4 Rb8 9. h3 d6 10. c3 Na5 11. Bc2 c5 12. d4 Qc7 13. axb5 Rxb5 14. dxe5 dxe5 15. b3 Rd8 16. Bd2 Qb8 17. Ra3 Nc6 18. c4 Rb6 19. Nc3 Nd4 20. Nd5 Rb7 21. Nxd4 cxd4 22. Rxa6 Nxd5 23. exd5 d3 24. Bxd3 Rxb3 25. Ra8 Qb7 26. Be4 Bc5 27. d6 Qb6 28. Ba5 Bxf2+ 29. Kh1 Qxa5 30. Rxa5 Bxe1 31. Qxe1 1-0

[Event "Moscow-ch sf"]
[Site "Moscow"]
[Date "2012.03.06"]
[Round "9"]
[White "Vorobjov, Denis S"]
[Black "Anfinogenov, Artem"]
[Result "1-0"]
[WhiteElo "2266"]
[BlackElo "2109"]
[PlyCount "143"]
[EventDate "2012.02.26"]
[EventType "swiss"]
[EventRounds "9"]
[EventCountry "RUS"]
[SourceTitle "CBM 147 Extra"]
[Source "ChessBase"]
[SourceDate "2012.04.24"]
[SourceVersion "1"]
[SourceVersionDate "2012.04.24"]
[SourceQuality "1"]

1. d4 Nf6 2. c4 c6 3. Nc3 d5 4. Bg5 dxc4 5. e4 b5 6. e5 Nd5 7. Nf3 Qa5 8. Bd2 Nxc3 9. bxc3 e6 10. Qc2 Nd7 11. Be2 Nb6 12. 0-0 Be7 13. Qe4 Nd5 14. a4 Qc7 15. Qc2 Bb7 16. Ng5 h6 17. Ne4 a6 18. Rab1 Nb6 19. f4 Nxa4 20. Bxc4 Nb6 21. Be2 c5 22. f5 exf5 23. Nd6+ Bxd6 24. exd6 Qxd6 25. Qxf5 0-0 26. Bf4 Qg6 27. Qxg6 fxg6 28. dxc5 Na4 29. Bd6 Rxf1+ 30. Bxf1 Nxc3 31. Rc1 Ne4 32. Bc7 Rc8 33. Bb6 Kf7 34. Be2 Nf6 35. Bd1 Nd5 36. Bf3 Ke6 37. Bg4+ Ke7 38. Re1+ Kf6 39. Bxc8 Bxc8 40. Bd8+ Kf7 41. c6 b4 42. Re5 Be6 43. Ba5 b3 44. Re2 Ne7 45. c7 Nc8 46. Kf2 Bc4 47. Rd2 Be6 48. Ke1 Ne7 49. Kd1 Nc6 50. Bc3 a5 51. Rd8 Na7 52. Bxa5 Nc6 53. Bc3 Na7 54. Kc1 Nc8 55. Bb4 Kf6 56. Bc3+ Kf7 57. Kb2 Nb6 58. Bd4 Nc8 59. Bc5 g5 60. Rd2 g6 61. Rf2+ Ke8 62. Rf6 Bf5 63. Kxb3 Kd7 64. Rf7+ Kc6 65. Kb4 h5 66. Rg7 g4 67. Kc4 h4 68. Kd4 h3 69. g3 Bd7 70. Rxg6+ Kxc7 71. Ke5 Kd8 72. Kf4 1-0

[Event "Moscow-ch sf"]
[Site "Moscow"]
[Date "2012.02.29"]
[Round "4"]
[White "Geivondian, Arman"]
[Black "Vorobjov, Denis S"]
[Result "0-1"]
[WhiteElo "2108"]
[BlackElo "2266"]
[PlyCount "90"]
[EventDate "2012.02.26"]
[EventType "swiss"]
[EventRounds "9"]
[EventCountry "RUS"]
[SourceTitle "CBM 147 Extra"]
[Source "ChessBase"]
[SourceDate "2012.04.24"]
[SourceVersion "1"]
[SourceVersionDate "2012.04.24"]
[SourceQuality "1"]

1. d4 Nf6 2. c4 c5 3. d5 b5 4. cxb5 a6 5. bxa6 Bxa6 6. Nc3 d6 7. Nf3 g6 8. g3 Bg7 9. Bg2 0-0 10. 0-0 Nbd7 11. Re1 Ng4 12. Bf4 Qa5 13. Qc2 Rfb8 14. Rab1 Nge5 15. Bh3 Bd3 16. exd3 Nxf3+ 17. Kg2 Rxb2 18. Qxb2 Nxe1+ 19. Rxe1 Bxc3 20. Qe2 Bxe1 21. Bxd7 Bc3 22. a4 Qc7 23. Bb5 Bf6 24. Bd2 Rb8 25. Qe4 h5 26. h4 Qc8 27. Ba5 Qg4 28. Qxg4 hxg4 29. f3 gxf3+ 30. Kxf3 Rb7 31. Ke4 Be5 32. Kf3 e6 33. dxe6 fxe6 34. Bd8 d5 35. g4 Kf7 36. g5 Rb8 37. Ba5 Ke7 38. Kg4 Rf8 39. Bb6 Rf4+ 40. Kh3 c4 41. dxc4 dxc4 42. h5 c3 43. Kg2 Bd4 44. Bc7 Rf2+ 45. Kg3 c2 0-1

[Event "Moscow-ch sf"]
[Site "Moscow"]
[Date "2012.02.28"]
[Round "3"]
[White "Vorobjov, Denis S"]
[Black "Afanasiev, Nikita"]
[Result "0-1"]
[WhiteElo "2266"]
[BlackElo "1986"]
[PlyCount "115"]
[EventDate "2012.02.26"]
[EventType "swiss"]
[EventRounds "9"]
[EventCountry "RUS"]
[SourceTitle "CBM 147 Extra"]
[Source "ChessBase"]
[SourceDate "2012.04.24"]
[SourceVersion "1"]
[SourceVersionDate "2012.04.24"]
[SourceQuality "1"]

1. d4 Nf6 2. c4 g6 3. Nc3 Bg7 4. e4 d6 5. f3 0-0 6. Be3 c5 7. Qd2 Nc6 8. Nge2 Qa5 9. d5 Ne5 10. Nc1 a6 11. Be2 Bd7 12. f4 Neg4 13. h3 Nxe3 14. Qxe3 Nxe4 15. Nb3 Bxc3+ 16. Kd1 Ba4 17. Kc2 Bf6 18. Qxe4 b5 19. h4 Qb4 20. Rac1 bxc4 21. Qxc4 Rfb8 22. g3 a5 23. Rhf1 Bd7 24. Qxb4 Rxb4 25. Kd1 Bxb2 26. Rc4 Bf5 27. Nd2 h5 28. Rf3 a4 29. Re3 Kf8 30. Bd3 Bg4+ 31. Be2 Bf5 32. Bd3 Bd4 33. Rf3 Bg4 34. Be2 Bxf3 35. Bxf3 Rxc4 36. Nxc4 Bf2 37. g4 hxg4 38. Bxg4 f5 39. Be2 Bxh4 40. Nb6 Ra7 41. Bb5 a3 42. Bc6 Bg3 43. Ke2 Bxf4 44. Kf3 Be5 45. Nc4 Kf7 46. Ne3 e6 47. dxe6+ Kxe6 48. Bd5+ Kf6 49. Nc4 g5 50. Kf2 Ra4 51. Kf3 g4+ 52. Kf2 Rxc4 53. Bxc4 Bf4 54. Ke2 Ke5 55. Ba6 d5 56. Bb7 Ke4 57. Bc8 c4 58. Ke1 0-1

[Event "Kostroma Volga Cup op"]
[Site "Kostroma"]
[Date "2011.07.11"]
[Round "9"]
[White "Vorobjov, Denis S"]
[Black "Khatoev, Eduard"]
[Result "1-0"]
[WhiteElo "2265"]
[BlackElo "2277"]
[PlyCount "141"]
[EventDate "2011.07.04"]
[EventType "swiss"]
[EventRounds "10"]
[EventCountry "RUS"]
[SourceTitle "EXT 2012"]
[Source "ChessBase"]
[SourceDate "2011.11.24"]
[SourceVersion "1"]
[SourceVersionDate "2011.11.24"]
[SourceQuality "1"]

1. d4 Nf6 2. c4 c5 3. d5 e6 4. Nc3 exd5 5. cxd5 d6 6. e4 g6 7. Nf3 Bg7 8. Be2 0-0 9. 0-0 Re8 10. Nd2 Na6 11. Qc2 Rb8 12. h3 Qe7 13. Re1 Nc7 14. a4 b6 15. Nc4 Ba6 16. Bg5 Bxc4 17. Bxc4 h6 18. Bf4 Nd7 19. Nb5 Nxb5 20. Bxb5 Red8 21. Bd2 g5 22. g3 Ne5 23. Ra3 c4 24. Rae3 Qf6 25. Kg2 h5 26. Bc3 g4 27. hxg4 hxg4 28. Qe2 Qf3+ 29. Qxf3 gxf3+ 30. Kg1 Nd3 31. Bxg7 Kxg7 32. Bxc4 Nxe1 33. Rxe1 Rbc8 34. b3 Rc7 35. Re3 Rdc8 36. Rxf3 Rxc4 37. bxc4 Rxc4 38. Re3 Rxa4 39. f4 Rd4 40. Kf2 a5 41. Rb3 Rxe4 42. Rxb6 Rd4 43. Rxd6 a4 44. Ke3 Rd1 45. Ke4 Re1+ 46. Kd4 a3 47. Ra6 Ra1 48. Ke5 a2 49. Kd6 f5 50. Kd7 Rd1 51. Rxa2 Rxd5+ 52. Ke6 Rd3 53. Kxf5 Rxg3 54. Ra7+ Kg8 55. Kf6 Rb3 56. Ra8+ Kh7 57. Re8 Rb1 58. f5 Rb5 59. Re5 Rb6+ 60. Kf7 Ra6 61. f6 Ra7+ 62. Re7 Ra8 63. Re6 Ra7+ 64. Kf8 Ra8+ 65. Re8 Ra6 66. f7 Ra7 67. Rd8 Ra1 68. Ke8 Re1+ 69. Kd7 Rd1+ 70. Kc7 Rxd8 71. Kxd8 1-0

[Event "Kostroma Volga Cup op"]
[Site "Kostroma"]
[Date "2011.07.08"]
[Round "6"]
[White "Vorobjov, Denis S"]
[Black "Vorontsov, Nikolay"]
[Result "1/2-1/2"]
[WhiteElo "2265"]
[BlackElo "2302"]
[PlyCount "88"]
[EventDate "2011.07.04"]
[EventType "swiss"]
[EventRounds "10"]
[EventCountry "RUS"]
[SourceTitle "EXT 2012"]
[Source "ChessBase"]
[SourceDate "2011.11.24"]
[SourceVersion "1"]
[SourceVersionDate "2011.11.24"]
[SourceQuality "1"]

1. d4 Nf6 2. c4 e6 3. Nc3 d5 4. e3 Nbd7 5. Nf3 c6 6. Qc2 Bd6 7. Bd3 0-0 8. 0-0 dxc4 9. Bxc4 e5 10. e4 exd4 11. Nxd4 Nb6 12. Be2 Bxh2+ 13. Kxh2 Qxd4 14. Bf4 Bg4 15. f3 Be6 16. Rad1 Qc5 17. Bd6 Qh5+ 18. Kg1 Rfe8 19. Kf2 Bc4 20. Rh1 Qg6 21. b3 Bxe2 22. Nxe2 Nbd5 23. Bc5 b6 24. Bd4 c5 25. Ba1 Qxg2+ 26. Kxg2 Ne3+ 27. Kf2 Nxc2 28. Bxf6 gxf6 29. Nf4 Red8 30. Nd5 Nb4 31. Rdg1+ Kf8 32. Rxh7 Nxd5 33. exd5 Ke7 34. Re1+ Kd6 35. Rxf7 Rf8 36. Rfe7 Kxd5 37. Rc7 Rh8 38. Rd1+ Ke5 39. Re7+ Kf5 40. Rd5+ Kg6 41. Kg3 Rh5 42. Rxh5 Kxh5 43. Kf4 Kg6 44. Rb7 Rc8 1/2-1/2

[Event "Moscow op-E"]
[Site "Moscow"]
[Date "2011.02.06"]
[Round "9.55"]
[White "Loskutov, Oleg"]
[Black "Vorobjov, Denis S"]
[Result "1-0"]
[WhiteElo "2435"]
[BlackElo "2248"]
[PlyCount "80"]
[EventDate "2011.01.29"]
[EventType "swiss"]
[EventRounds "9"]
[EventCountry "RUS"]
[SourceTitle "EXT 2022"]
[Source "ChessBase"]
[SourceDate "2021.10.06"]
[SourceVersion "1"]
[SourceVersionDate "2021.10.06"]
[SourceQuality "1"]

1. e4 Nc6 2. Nf3 d5 3. exd5 Qxd5 4. Nc3 Qa5 5. Be2 Bg4 6. 0-0 0-0-0 7. d3 e5 8. a3 Nf6 9. Bg5 Bxf3 10. Bxf3 Nd4 11. Bh5 Qb6 12. Ne4 Nxh5 13. Bxd8 Nf4 14. Bg5 Nfe2+ 15. Kh1 Qxb2 16. c3 Nxc3 17. Nxc3 Qxc3 18. Qa4 Nc6 19. Rab1 f6 20. Rfc1 Qd4 21. Qb3 Na5 22. Qc2 Qd7 23. Bd2 Nc6 24. Qa4 Qxd3 25. Rxb7 Qxd2 26. Qxc6 Qxc1+ 27. Qxc1 Kxb7 28. Qb2+ Kc8 29. Qb5 Bd6 30. Qc6 Rd8 31. Qa8+ Kd7 32. Qxa7 Ke6 33. g3 Rd7 34. a4 c5 35. Qa6 Rc7 36. Qc4+ Kf5 37. a5 Be7 38. a6 Kg6 39. Qa4 Ra7 40. Qb5 c4 1-0

[Event "Moscow op-E"]
[Site "Moscow"]
[Date "2011.02.01"]
[Round "4.174"]
[White "Vorobjov, Denis S"]
[Black "Efanov, Mikhail"]
[Result "1-0"]
[WhiteElo "2248"]
[BlackElo "1951"]
[PlyCount "77"]
[EventDate "2011.01.29"]
[EventType "swiss"]
[EventRounds "9"]
[EventCountry "RUS"]
[SourceTitle "EXT 2022"]
[Source "ChessBase"]
[SourceDate "2021.10.06"]
[SourceVersion "1"]
[SourceVersionDate "2021.10.06"]
[SourceQuality "1"]

1. d4 d5 2. Nf3 Nf6 3. e3 Bf5 4. Bd3 Bxd3 5. cxd3 e6 6. 0-0 c5 7. b3 Nc6 8. dxc5 Bxc5 9. Bb2 0-0 10. a3 a5 11. Qc2 Be7 12. e4 Rc8 13. Qe2 dxe4 14. dxe4 Qb6 15. Nbd2 Rfd8 16. Rac1 h6 17. Rc3 Nd7 18. Nc4 Qc7 19. Rfc1 Qb8 20. e5 b5 21. Nd6 Bxd6 22. exd6 Qxd6 23. Qxb5 Ndb8 24. h3 Qd5 25. Rc5 Qd3 26. Qxd3 Rxd3 27. Be5 Rcd8 28. Bc7 Rd1+ 29. Kh2 Rxc1 30. Rxc1 Rf8 31. Rc5 Kh7 32. Bxa5 Nxa5 33. Rxa5 Nd7 34. b4 Nf6 35. Ne5 Nd5 36. b5 f6 37. Nc6 Rc8 38. Ra7 Kg6 39. a4 1-0

[Event "Moscow op-E"]
[Site "Moscow"]
[Date "2011.01.31"]
[Round "3.121"]
[White "Smirnov, Anton"]
[Black "Vorobjov, Denis S"]
[Result "1-0"]
[WhiteElo "2002"]
[BlackElo "2248"]
[PlyCount "131"]
[EventDate "2011.01.29"]
[EventType "swiss"]
[EventRounds "9"]
[EventCountry "RUS"]
[SourceTitle "EXT 2022"]
[Source "ChessBase"]
[SourceDate "2021.10.06"]
[SourceVersion "1"]
[SourceVersionDate "2021.10.06"]
[SourceQuality "1"]

1. e4 Nc6 2. d4 d5 3. exd5 Qxd5 4. Nf3 Bg4 5. Be2 e6 6. 0-0 Nf6 7. h3 Bh5 8. Be3 Be7 9. c4 Qd8 10. Nc3 0-0 11. a3 Re8 12. b4 Bf8 13. Ne5 Bxe2 14. Nxe2 a5 15. Nxc6 bxc6 16. Qd2 Ne4 17. Qc2 Nd6 18. Ng3 Qf6 19. Rfd1 Qg6 20. Qc3 h5 21. Rab1 h4 22. Ne2 axb4 23. axb4 Ra2 24. Nf4 Qc2 25. Rdc1 Qxc3 26. Rxc3 Rb8 27. Nd3 Ne4 28. Rcb3 Rc2 29. Ne5 Ra8 30. R3b2 Rxb2 31. Rxb2 Ra1+ 32. Kh2 Bd6 33. c5 Bxe5+ 34. dxe5 f6 35. exf6 gxf6 36. b5 cxb5 37. Rxb5 Nc3 38. Rb4 Nd5 39. Rg4+ Kf7 40. Rxh4 Nxe3 41. fxe3 Kg6 42. Rg4+ Kf7 43. Rd4 Ke7 44. c6 f5 45. Rd7+ Kf6 46. Rxc7 Ra3 47. Rc8 Rc3 48. Kg1 e5 49. Kf2 e4 50. c7 Kg7 51. g4 fxg4 52. hxg4 Kh7 53. Kg2 Kg7 54. g5 Kh7 55. g6+ Kg7 56. Kh2 Rc6 57. Kh3 Rc5 58. Kg4 Rg5+ 59. Kf4 Rc5 60. Kxe4 Rc1 61. Kd5 Rd1+ 62. Ke5 Rc1 63. e4 Rc2 64. Ke6 Rc1 65. e5 Rc2 66. Rd8 1-0

[Event "Moscow op-E"]
[Site "Moscow"]
[Date "2011.01.29"]
[Round "1.161"]
[White "Motruk, Oleg"]
[Black "Vorobjov, Denis S"]
[Result "0-1"]
[WhiteElo "1862"]
[BlackElo "2248"]
[PlyCount "98"]
[EventDate "2011.01.29"]
[EventType "swiss"]
[EventRounds "9"]
[EventCountry "RUS"]
[SourceTitle "EXT 2022"]
[Source "ChessBase"]
[SourceDate "2021.10.06"]
[SourceVersion "1"]
[SourceVersionDate "2021.10.06"]
[SourceQuality "1"]

1. e4 Nc6 2. d4 e5 3. d5 Nce7 4. Nf3 Ng6 5. Be2 Nf6 6. Nbd2 Bc5 7. 0-0 0-0 8. Bd3 d6 9. Nc4 c6 10. Bg5 h6 11. Bxf6 Qxf6 12. Ne3 Nf4 13. c4 Bh3 14. gxh3 Nxd3 15. Ng4 Qf4 16. Qxd3 f5 17. Nh4 fxg4 18. Ng6 Qf3 19. Qxf3 Rxf3 20. hxg4 Kf7 21. Kg2 Rd3 22. Nh4 Rd4 23. dxc6 bxc6 24. Nf5 Rxe4 25. Rad1 Rxg4+ 26. Kh3 Rf4 27. Nxd6+ Ke6 28. Nb7 Bd4 29. Na5 Rc8 30. Rd2 Bb6 31. Nb3 Rxc4 32. Rfd1 Rc7 33. Rd6+ Kf7 34. R1d2 Re7 35. Rd7 Rf4 36. R7d6 Re6 37. Rd7+ Kg8 38. R7d6 Rxd6 39. Rxd6 Rxf2 40. Rxc6 Rxb2 41. Re6 Rxa2 42. Rxe5 Bc7 43. Re7 Rxh2+ 44. Kg4 Bb6 45. Kg3 Rc2 46. Kg4 a5 47. Rb7 a4 48. Rxb6 Rb2 49. Rb8+ Kh7 0-1

[Event "Moscow World Tour 12th IM"]
[Site "Moscow"]
[Date "2010.11.10"]
[Round "7"]
[White "Larionov, Sergey Aleksandrovi"]
[Black "Vorobjov, Denis S"]
[Result "0-1"]
[WhiteElo "2111"]
[BlackElo "2248"]
[PlyCount "61"]
[EventDate "2010.11.10"]
[EventType "tourn"]
[EventRounds "11"]
[EventCountry "RUS"]
[SourceTitle "EXT 2022"]
[Source "ChessBase"]
[SourceDate "2021.10.06"]
[SourceVersion "1"]
[SourceVersionDate "2021.10.06"]
[SourceQuality "1"]

1. c4 Nf6 2. Nc3 c5 3. Nf3 b6 4. g3 Bb7 5. Bg2 e6 6. 0-0 Be7 7. b3 0-0 8. d4 cxd4 9. Qxd4 Na6 10. Bb2 Nc5 11. Rfd1 d6 12. Rac1 a6 13. b4 Ncd7 14. e4 Qc7 15. h3 Rac8 16. a3 Qb8 17. Kh2 Ba8 18. Nd2 Bd8 19. Nf1 Bc7 20. Ne3 h5 21. Kh1 Rfd8 22. Qd2 Ne5 23. f4 Ng6 24. h4 b5 25. Qe2 bxc4 26. Nxc4 d5 27. e5 Ng4 28. Nd2 Ne7 29. Bf3 Nf5 30. Qe1 Bb6 31. Nf1 0-1

[Event "Moscow World Tour 12th IM"]
[Site "Moscow"]
[Date "2010.11.10"]
[Round "10"]
[White "Vorobjov, Denis S"]
[Black "Glek, Igor Vladimirovich"]
[Result "0-1"]
[WhiteElo "2248"]
[BlackElo "2467"]
[PlyCount "40"]
[EventDate "2010.11.10"]
[EventType "tourn"]
[EventRounds "11"]
[EventCountry "RUS"]
[SourceTitle "EXT 2022"]
[Source "ChessBase"]
[SourceDate "2021.10.06"]
[SourceVersion "1"]
[SourceVersionDate "2021.10.06"]
[SourceQuality "1"]

1. c4 f5 2. e4 fxe4 3. Nc3 Nf6 4. f3 e5 5. fxe4 Bc5 6. Nf3 d6 7. d3 Nc6 8. Qe2 Bg4 9. Be3 0-0 10. Bxc5 dxc5 11. Qe3 Nd4 12. 0-0-0 Nh5 13. Be2 Nf4 14. Rhg1 Qf6 15. Rdf1 Qh6 16. Kd2 Rad8 17. Nxe5 Bxe2 18. Rxf4 Rxf4 19. Nxe2 Rxe4 20. Qxh6 Rxe2+ 0-1

[Event "Moscow World Tour 12th IM"]
[Site "Moscow"]
[Date "2010.11.10"]
[Round "3"]
[White "Vorobjov, Denis S"]
[Black "Losev, Dmitry"]
[Result "1/2-1/2"]
[WhiteElo "2248"]
[BlackElo "2303"]
[PlyCount "66"]
[EventDate "2010.11.10"]
[EventType "tourn"]
[EventRounds "11"]
[EventCountry "RUS"]
[SourceTitle "EXT 2022"]
[Source "ChessBase"]
[SourceDate "2021.10.06"]
[SourceVersion "1"]
[SourceVersionDate "2021.10.06"]
[SourceQuality "1"]

1. e4 c5 2. Nf3 d6 3. Bb5+ Bd7 4. Bxd7+ Nxd7 5. 0-0 Ngf6 6. Qe2 Rc8 7. d3 g6 8. c3 Bg7 9. d4 e5 10. dxe5 dxe5 11. Rd1 Qc7 12. c4 0-0 13. Nc3 a6 14. Bg5 h6 15. Bxf6 Nxf6 16. Nd5 Nxd5 17. Rxd5 Rfd8 18. Rad1 Bf6 19. Qe3 Kg7 20. h4 h5 21. a4 b6 22. g3 Kf8 23. Qh6+ Ke7 24. R1d2 Ke6 25. Ng5+ Ke7 26. Nh7 Rxd5 27. exd5 Qd6 28. Qe3 Re8 29. f4 Kd7 30. Nxf6+ Qxf6 31. Qc3 Qd6 32. Rf2 f5 33. Re2 e4 1/2-1/2

[Event "Moscow op 10"]
[Site "Moscow"]
[Date "2009.10.29"]
[Round "8"]
[White "Vorobjov, Denis S"]
[Black "Kozlov, Gennady"]
[Result "0-1"]
[WhiteElo "2253"]
[BlackElo "2287"]
[PlyCount "72"]
[EventDate "2009.10.17"]
[EventType "swiss"]
[EventRounds "9"]
[EventCountry "RUS"]
[SourceTitle "EXT 2010"]
[Source "ChessBase"]
[SourceDate "2010.11.25"]
[SourceVersion "1"]
[SourceVersionDate "2010.11.25"]
[SourceQuality "1"]

1. e4 c6 2. d4 d5 3. e5 c5 4. dxc5 Nc6 5. Nf3 Bg4 6. Bb5 e6 7. Bxc6+ bxc6 8. b4 Qb8 9. 0-0 Qxb4 10. Ba3 Qb5 11. c4 Bxf3 12. Qxf3 Qxc4 13. Nd2 Qd4 14. Qb3 Rd8 15. Nf3 Qc4 16. Qb7 Qa4 17. Rab1 Ne7 18. Qc7 f6 19. Rb3 d4 20. Rd1 Rd7 21. Qb8+ Kf7 22. exf6 gxf6 23. Qf4 Nf5 24. g4 Bh6 25. Qe4 Ne7 26. Rdd3 Qc4 27. g5 Bg7 28. gxf6 Bxf6 29. Ne5+ Bxe5 30. Qxe5 Rg8+ 31. Rg3 Qd5 32. Qf4+ Qf5 33. Qd6 Rxd6 34. cxd6 d3 35. dxe7 Rxg3+ 36. hxg3 d2 0-1

[Event "Kostroma Volga Cup"]
[Site "Kostroma"]
[Date "2009.07.10"]
[Round "10"]
[White "Vorobjov, Denis S"]
[Black "Bezgodova, Svetlana"]
[Result "1/2-1/2"]
[WhiteElo "2253"]
[BlackElo "2182"]
[PlyCount "114"]
[EventDate "2009.07.03"]
[EventType "tourn"]
[EventRounds "11"]
[EventCountry "RUS"]
[SourceTitle "CBM 131 Extra"]
[Source "ChessBase"]
[SourceDate "2009.09.03"]
[SourceVersion "2"]
[SourceVersionDate "2009.09.16"]
[SourceQuality "1"]

1. d4 Nf6 2. c4 d6 3. g3 e5 4. Bg2 Be7 5. Nc3 0-0 6. Nf3 Nbd7 7. 0-0 c6 8. e4 a6 9. h3 b5 10. Qe2 b4 11. Na4 c5 12. dxc5 dxc5 13. Rd1 Qc7 14. Nh2 Bb7 15. Nf1 Rad8 16. Ne3 Nxe4 17. Nf5 Ndf6 18. Be3 Bc6 19. Nxe7+ Qxe7 20. Nxc5 Nxc5 21. Bxc6 Rxd1+ 22. Rxd1 Rc8 23. Bxc5 Qxc5 24. Bb7 Rb8 25. Bxa6 h6 26. Bb5 Ra8 27. b3 e4 28. Ba4 Ra5 29. Rd8+ Kh7 30. Qe3 Qh5 31. Kg2 Qg6 32. c5 Qf5 33. c6 Nd5 34. Qe2 Rc5 35. Rd7 h5 36. c7 Rc3 37. Bb5 Nxc7 38. Rd4 Qf3+ 39. Kh2 Nxb5 40. Qxe4+ Qxe4 41. Rxe4 Rc2 42. Rxb4 Rxf2+ 43. Kg1 Rf5 44. a4 Nc3 45. Rb7 g5 46. Rc7 Ne4 47. b4 Nxg3 48. b5 Rf4 49. a5 Ra4 50. a6 Ne2+ 51. Kf2 Nd4 52. Rxf7+ Kg6 53. Rb7 Kf5 54. a7 Kf4 55. Rf7+ Ke4 56. Re7+ Kf4 57. Rf7+ Ke4 1/2-1/2

[Event "Kostroma Volga Cup"]
[Site "Kostroma"]
[Date "2009.07.08"]
[Round "8"]
[White "Vorobjov, Denis S"]
[Black "Moiseenko, Vadim"]
[Result "0-1"]
[WhiteElo "2253"]
[BlackElo "2246"]
[PlyCount "60"]
[EventDate "2009.07.03"]
[EventType "tourn"]
[EventRounds "11"]
[EventCountry "RUS"]
[SourceTitle "CBM 131 Extra"]
[Source "ChessBase"]
[SourceDate "2009.09.03"]
[SourceVersion "2"]
[SourceVersionDate "2009.09.16"]
[SourceQuality "1"]

1. d4 d5 2. c4 e6 3. Nc3 Nf6 4. cxd5 exd5 5. Bg5 Be7 6. e3 0-0 7. Bd3 c6 8. Nf3 h6 9. Bh4 Nbd7 10. Qc2 Re8 11. 0-0 Ne4 12. Bxe4 Bxh4 13. Nxh4 Qxh4 14. g3 Qh5 15. Bg2 Nf6 16. b4 Bh3 17. Rfc1 Re6 18. Bh1 Bf5 19. Qd1 Ng4 20. h4 g5 21. Ne2 Nxe3 22. fxe3 Bg4 23. Qd2 Bxe2 24. Re1 Bc4 25. hxg5 hxg5 26. Rac1 Rh6 27. Qg2 Bd3 28. e4 Bxe4 29. Rxe4 dxe4 30. Re1 Kg7 0-1

[Event "Moscow-ch sf"]
[Site "Moscow"]
[Date "2009.03.22"]
[Round "2"]
[White "Krylov, Mikhail"]
[Black "Vorobjov, Denis S"]
[Result "1/2-1/2"]
[WhiteElo "2482"]
[BlackElo "2249"]
[PlyCount "85"]
[EventDate "2009.03.21"]
[EventType "swiss"]
[EventRounds "9"]
[EventCountry "RUS"]
[SourceTitle "EXT 2010"]
[Source "ChessBase"]
[SourceDate "2010.11.25"]
[SourceVersion "1"]
[SourceVersionDate "2010.11.25"]
[SourceQuality "1"]

1. c4 Nf6 2. g3 Nc6 3. Bg2 d5 4. cxd5 Nxd5 5. Nc3 Nb6 6. Nf3 g6 7. 0-0 Bg7 8. d3 0-0 9. Be3 Bg4 10. Qd2 Qd7 11. Ne4 Na4 12. Rac1 Bxf3 13. Bxf3 Nd4 14. Bxd4 Bxd4 15. b3 Nb6 16. e3 f5 17. exd4 fxe4 18. Bxe4 c6 19. Qg5 Rf6 20. h4 Qxd4 21. h5 Kg7 22. hxg6 hxg6 23. Qc5 Qxc5 24. Rxc5 Rd8 25. Rfc1 Nd7 26. Ra5 a6 27. b4 Nf8 28. a4 Ne6 29. Re5 Nd4 30. Kg2 Re6 31. Rg5 Nb3 32. Rc2 Nd2 33. Bxc6 Rxc6 34. Rxd2 Rcd6 35. Re5 Kf6 36. Rde2 R8d7 37. R2e3 Rd4 38. Re6+ Kf7 39. Rb6 R4d6 40. Rxd6 Rxd6 41. Kf3 Rd4 42. Re4 Rxd3+ 43. Kg4 1/2-1/2

[Event "Moscow op-A"]
[Site "Moscow"]
[Date "2009.02.07"]
[Round "8"]
[White "Vorobjov, Denis S"]
[Black "Iljiushenok, Ilia"]
[Result "0-1"]
[WhiteElo "2259"]
[BlackElo "2360"]
[PlyCount "41"]
[EventDate "2009.01.31"]
[EventType "swiss"]
[EventRounds "9"]
[EventCountry "RUS"]
[SourceTitle "EXT 2023"]
[Source "ChessBase"]
[SourceDate "2022.10.05"]
[SourceVersion "1"]
[SourceVersionDate "2022.10.05"]
[SourceQuality "1"]

1. b3 d5 2. Bb2 c5 3. e3 Nc6 4. Nf3 Nf6 5. Bxf6 gxf6 6. Be2 e5 7. d3 f5 8. h4 Bg7 9. e4 dxe4 10. dxe4 Qxd1+ 11. Kxd1 fxe4 12. Ng5 Bf5 13. g4 Rd8+ 14. Ke1 Nd4 15. Nc3 Bd7 16. Bd1 Be6 17. a3 Nf3+ 18. Bxf3 exf3 19. Rd1 Ke7 20. Rxd8 Rxd8 21. Nge4 0-1